Reflexiones sobre cine
I tiakina i:
| Kaituhi matua: | |
|---|---|
| Hōputu: | Pukapuka |
| Reo: | Pāniora |
| I whakaputaina: |
Buenos Aires
El Cuenco de Plata
2010
|
| Putanga: | 1a. ed |
| Rangatū: | Teoría y Ensayo
|
| Ngā marau: | |
| Ngā Tūtohu: |
Tāpirihia he Tūtohu
Kāore He Tūtohu, Me noho koe te mea tuatahi ki te tūtohu i tēnei pūkete!
|
MARC
| LEADER | 00000cam a2200000 a 4500 | ||
|---|---|---|---|
| 001 | UCF8199 | ||
| 003 | CL-VaPUC | ||
| 008 | 130802e20100000ag |||||||||||||||||spa|d | ||
| 020 | |a 9789871228966 | ||
| 082 | 0 | 4 | |a 778.5 |b ROS |2 21 |
| 100 | 0 | |a Rosset, Clement |e author |9 570289 | |
| 245 | 1 | 0 | |a Reflexiones sobre cine |
| 250 | |a 1a. ed | ||
| 300 | |a 128 p | ||
| 942 | |c BK | ||
| 945 | |d 20130802 12:08:00 |a dcastane | ||
| 260 | |a Buenos Aires |b El Cuenco de Plata |c 2010 | ||
| 650 | 0 | |a Cinematografía |9 265198 | |
| 650 | 0 | |a Crítica e interpretación |9 255042 | |
| 650 | 0 | |a Historia del cine |9 265166 | |
| 583 | |a last modification |c 20130802 12:08:00 |k Rodrigo Vera | ||
| 490 | 0 | |a Teoría y Ensayo | |
| 999 | |c 352834 |d 352832 | ||
| 952 | |0 0 |1 0 |4 0 |6 778_500000000000000_ROS_2010 |7 0 |8 A |9 457550 |a BIBART |b BIBART |d 2019-11-22 |i 4994256 |o 778.5 ROS 2010 |p 4994256 |r 2025-03-13 |w 2019-11-22 |y BK |k ART | ||